000 00318 a2200157 4500
001 181761
020 _a
040 _cMagnum
100 _aSouza, Flavio de
240 1 0 _aMeu heroi
_lpor
245 1 0 _aMeu heroi
362 0 _a1899
440 1 _aModerna
697 _aMAGNITO: IJ/AVENTURA, CRIANCAS
942 _cBK
999 _c181761
_d181761